| 000 | 01783cam a22004457a 4500 | ||
|---|---|---|---|
| 003 | CHAP | ||
| 005 | 20220329133225.0 | ||
| 008 | 971013s1985 r 00010 d | ||
| 010 | _a3599 | ||
| 011 | _a4571 | ||
| 035 | _a3775 | ||
| 040 | _cCHAP | ||
| 082 |
_a633.710972 _bS4 |
||
| 111 | 0 | 0 |
_aSeminario de Intercambio de Conocimientos sobre el Tabaco _n(1 : _d1985 : _cTepic, Nay.) _9104049 |
| 245 | 0 | _aPonencias | |
| 260 |
_aTepic, Nayarit : _bTabacos Mexicanos, _c1985 |
||
| 300 |
_a149 p. _b: ilus |
||
| 590 |
_aBATCH-UPD _b10 _c20130109 _lUCH01 _h2327 |
||
| 590 |
_aBATCH-UPD _b10 _c20130110 _lUCH01 _h0250 |
||
| 590 |
_aBATCH-UPD _b10 _c20130110 _lUCH01 _h2111 |
||
| 590 |
_aBATCH-UPD _b10 _c20130409 _lUCH01 _h1852 |
||
| 590 |
_aBATCH-UPD _b10 _c20130410 _lUCH01 _h1422 |
||
| 590 |
_aBATCH-UPD _b10 _c20130914 _lUCH01 _h2019 |
||
| 590 |
_aCONVERSION _b10 _c20130109 _lUCH01 _h1303 |
||
| 650 | 1 | 4 |
_aTabaco _xCongresos. _9111206 |
| 650 | 1 | 4 |
_aTabaco _xIndustria. _9111223 |
| 650 | 1 | 4 |
_aTabaco _xInvestigación. _9111224 |
| 650 | 1 | 4 |
_aTabaco _xMejoramiento. _9111228 |
| 650 | 1 | 4 |
_aTabaco _xMéxico. _9111230 |
| 901 | _aBK | ||
| 942 | _cLIBRO | ||
| 949 |
_a633.710972 S4 _bBC _cCONG _d-73299 _eCONG _fc.3 _h80016 _i3775 _mD _si |
||
| 949 |
_a633.710972 S4 _bBC _cCONG _d33724000216263 _eCONG _fc.4 _h80369 _i3775 _si |
||
| 949 |
_a633.710972 S4 _bBC _cCONG _d33724000216271 _eCONG _fc.5 _h80370 _i3775 _si |
||
| 949 |
_a633.710972 S4 _bBC _cCONG _d33724000216289 _eCONG _fc.6 _h80405 _i3775 _si |
||
| 949 |
_a633.710972 S4 _bBC _cCONG _d33724000216297 _eCONG _fc.7 _h80406 _i3775 _si |
||
| 949 |
_a633.710972 S4 _bBC _cCONG _d33724000216305 _eCONG _fc.8 _h80407 _i3775 _si |
||
| 949 |
_a633.710972 S4 _bBC _cLIBRO _d-13302 _eLIBRO _h80014 _i3775 _mD _si |
||
| 949 |
_a633.710972 S4 _bBC _cLIBRO _d33724000216255 _eLIBRO _fc.2 _h80015 _i3775 _mD _si |
||
| 999 |
_c3599 _d3599 |
||